Normal view
MARC view
Entry Personal Name
001 - CONTROL NUMBER
- control field: 403
003 - CONTROL NUMBER IDENTIFIER
- control field: ARRUPE
005 - DATE AND TIME OF LATEST TRANSACTION
- control field: 20130917165617.0
008 - FIXED-LENGTH DATA ELEMENTS
- fixed length control field: 130917|| aca||aabn | a|a d
040 ## - CATALOGING SOURCE
- Original cataloging agency: ARRUPE
- Transcribing agency: ARRUPE
100 ## - HEADING--PERSONAL NAME
- Personal name: Margulis, Lynn,
- Dates associated with a name: 1938-2011.
670 ## - SOURCE DATA FOUND
- Source citation: Work cat.: (ARRUPE)0: Margulis, Lynn, 1938-2011., Mystery dance :, c1991.